000129532 001__ 129532
000129532 005__ 20231221104846.0
000129532 037__ $$aTESIS-2023-235
000129532 041__ $$aspa
000129532 1001_ $$aFabo Del Caso, María Pilar
000129532 24500 $$aJuana Francisca Rubio (1911 – 2008): compromiso político y obra artística durante la Guerra Civil española
000129532 260__ $$aZaragoza$$bUniversidad de Zaragoza, Prensas de la Universidad$$c2023
000129532 300__ $$a348
000129532 4900_ $$aTesis de la Universidad de Zaragoza$$v2023-234$$x2254-7606
000129532 500__ $$aPresentado:  13 06 2023
000129532 502__ $$aTesis-Univ. Zaragoza,  , 2023$$bZaragoza, Universidad de Zaragoza$$c2023
000129532 506__ $$aby-nc$$bCreative Commons$$c3.0$$uhttp://creativecommons.org/licenses/by-nc/3.0/es
000129532 520__ $$aJuana Francisca Rubio (1911 ¿ 2008): compromiso político y obra artística durante la Guerra Civil española.<br />Juana Francisca Rubio (1911 ¿ 2008) no fue una mujer española más que vivió a lo largo del siglo XX y también a principios del XXI, sino que se ha convertido en nuestro objeto de estudio para superar el estigma con el que la historiografía tradicional la ha clasificado: relegándola a ser conocida casi exclusivamente como la mujer de José Bardasano. Pretendemos demostrar que fue una mujer y artista que plasmó su propia personalidad e idiosincrasia en sus obras.<br />	Al tratarse del primer trabajo de investigación de carácter monográfico, hemos centrado nuestra atención en dos áreas muy concretas: por un lado, hemos reconstruido su biografía, en la que hemos aunado los acontecimientos tanto personales como profesionales más significativos e importantes. Esta narrativa la hemos dividido en dos periodos de tiempo, los cuales siguen un orden cronológico: el primero, versa sobre los años que duró el conflicto bélico español en los años 30 del pasado siglo; y, después, hemos tratado de resumir de manera escueta su trayectoria profesional a lo largo de sus años de exiliada republicana y a su vuelta a España. Y, por el otro, hemos llevado a cabo una recopilación de la gran mayoría de sus trabajos artísticos durante aquellos oscuros años. No solo los carteles bélicos, quizá lo más llamativo de su producción, sino otros elementos propagandísticos y sus publicaciones aparecidas en la prensa del momento, las cuales contribuyeron a reforzar el relato gubernamental del gobierno de la Republica en relación a la figura de la mujer y los arquetipos posibles para las actividades propias del género femenino; así como, también, exportar esta imagen tanto en el interior del país como en las demás potencias extrajeras. <br /> <br />
000129532 520__ $$a<br />
000129532 521__ $$97070$$aPrograma de Doctorado en Historia del Arte
000129532 6531_ $$ahistoria del arte de los siglos xix y xx
000129532 6531_ $$ahistoria contemporánea
000129532 700__ $$aAlmazán Tomás, Vicente David $$edir.
000129532 700__ $$aPerla De Las Parras,  Antonio $$edir.
000129532 7102_ $$aUniversidad de Zaragoza$$b 
000129532 830__ $$9482
000129532 8560_ $$fcdeurop@unizar.es
000129532 8564_ $$s14343847$$uhttps://zaguan.unizar.es/record/129532/files/TESIS-2023-235.pdf$$zTexto completo (spa)
000129532 909CO $$ooai:zaguan.unizar.es:129532$$pdriver
000129532 909co $$ptesis
000129532 9102_ $$aArtes y Humanidades$$b 
000129532 980__ $$aTESIS